<?xml version="1.0" encoding="UTF-8"?>
<record
    xmlns:xsi="http://www.w3.org/2001/XMLSchema-instance"
    xsi:schemaLocation="http://www.loc.gov/MARC21/slim http://www.loc.gov/standards/marcxml/schema/MARC21slim.xsd"
    xmlns="http://www.loc.gov/MARC21/slim">

  <leader>01291nam a2200325 a 4500</leader>
  <controlfield tag="001">2625046</controlfield>
  <controlfield tag="005">20220326193337.0</controlfield>
  <controlfield tag="008">980909s1998    sp a     bc  s000 0 spa  </controlfield>
  <datafield tag="010" ind1=" " ind2=" ">
    <subfield code="a">   98193791 </subfield>
  </datafield>
  <datafield tag="020" ind1=" " ind2=" ">
    <subfield code="a">8489152233</subfield>
  </datafield>
  <datafield tag="040" ind1=" " ind2=" ">
    <subfield code="a">DLC</subfield>
    <subfield code="c">DLC</subfield>
  </datafield>
  <datafield tag="041" ind1="0" ind2=" ">
    <subfield code="a">spaeng</subfield>
  </datafield>
  <datafield tag="082" ind1=" " ind2=" ">
    <subfield code="a">730.946</subfield>
    <subfield code="b">G163a</subfield>
  </datafield>
  <datafield tag="100" ind1="1" ind2=" ">
    <subfield code="a">Gallardo, Tony.</subfield>
    <subfield code="9">4152</subfield>
  </datafield>
  <datafield tag="245" ind1="1" ind2="0">
    <subfield code="a">Tony Gallardo :</subfield>
    <subfield code="b">antol&#xF3;gica : Centro Atl&#xE1;ntico de Arte Moderno, 17 de febrero-29 de marzo, 1998.</subfield>
    <subfield code="c">Gallardo, Tony</subfield>
  </datafield>
  <datafield tag="260" ind1=" " ind2=" ">
    <subfield code="a">Las Palmas de Gran Canaria :</subfield>
    <subfield code="b">Centro Atl&#xE1;ntico de Arte Moderno, Cabildo de Gran Canaria,</subfield>
    <subfield code="c">1998.</subfield>
  </datafield>
  <datafield tag="300" ind1=" " ind2=" ">
    <subfield code="a">[311 p.] :</subfield>
    <subfield code="b">ill. (col.);</subfield>
    <subfield code="c">28 cm.</subfield>
  </datafield>
  <datafield tag="504" ind1=" " ind2=" ">
    <subfield code="a">Includes bibliographical references (p. 309-311).</subfield>
  </datafield>
  <datafield tag="546" ind1=" " ind2=" ">
    <subfield code="a">In Spanish, with English translation.</subfield>
  </datafield>
  <datafield tag="600" ind1="1" ind2="0">
    <subfield code="a">Gallardo, Tony</subfield>
    <subfield code="x">Exhibiciones</subfield>
    <subfield code="9">4153</subfield>
  </datafield>
  <datafield tag="600" ind1="1" ind2="0">
    <subfield code="a">Gallardo, Tony</subfield>
    <subfield code="x">Escultura</subfield>
    <subfield code="9">4154</subfield>
  </datafield>
  <datafield tag="650" ind1=" " ind2=" ">
    <subfield code="a">Arte</subfield>
    <subfield code="x">Escultura</subfield>
    <subfield code="z">Espa&#xF1;a</subfield>
    <subfield code="9">4155</subfield>
  </datafield>
  <datafield tag="650" ind1=" " ind2=" ">
    <subfield code="a">Exhibiciones</subfield>
    <subfield code="y">1998</subfield>
    <subfield code="z">Las Palmas de Gran Canaria</subfield>
    <subfield code="9">4156</subfield>
  </datafield>
  <datafield tag="700" ind1=" " ind2=" ">
    <subfield code="a">Mart&#xED;n de Argila, Mar&#xED;a Luisa [curadora]</subfield>
    <subfield code="9">4157</subfield>
  </datafield>
  <datafield tag="700" ind1=" " ind2=" ">
    <subfield code="a">Caballero, Javier</subfield>
    <subfield code="9">4158</subfield>
  </datafield>
  <datafield tag="700" ind1=" " ind2=" ">
    <subfield code="a">Mor&#xE1;n, David</subfield>
    <subfield code="9">4159</subfield>
  </datafield>
  <datafield tag="710" ind1="2" ind2=" ">
    <subfield code="a">Centro Atl&#xE1;ntico de Arte Moderno.</subfield>
    <subfield code="9">4160</subfield>
  </datafield>
  <datafield tag="906" ind1=" " ind2=" ">
    <subfield code="a">7</subfield>
    <subfield code="b">cbc</subfield>
    <subfield code="c">orignew</subfield>
    <subfield code="d">3</subfield>
    <subfield code="e">ncip</subfield>
    <subfield code="f">19</subfield>
    <subfield code="g">y-gencatlg</subfield>
  </datafield>
  <datafield tag="999" ind1=" " ind2=" ">
    <subfield code="c">776</subfield>
    <subfield code="d">776</subfield>
  </datafield>
  <datafield tag="952" ind1=" " ind2=" ">
    <subfield code="0">0</subfield>
    <subfield code="1">0</subfield>
    <subfield code="2">ddc</subfield>
    <subfield code="4">0</subfield>
    <subfield code="7">0</subfield>
    <subfield code="a">LV</subfield>
    <subfield code="b">LV</subfield>
    <subfield code="c">Monograf&#xED;as</subfield>
    <subfield code="d">2015-11-16</subfield>
    <subfield code="l">0</subfield>
    <subfield code="o">730.946 G163a</subfield>
    <subfield code="p">000777</subfield>
    <subfield code="r">2015-11-16 00:00:00</subfield>
    <subfield code="w">2015-11-16</subfield>
    <subfield code="y">01</subfield>
  </datafield>
</record>
